Statistics for Name all the original Battle Beasts

Click here to take the quiz!

General Stats

  • This quiz has been taken 9 times
  • The average score is 100 of 112

Answer Stats

NumberName% Correct
80Anarchy
100%
40Antic Anteater
100%
67Ardent Aardvark
100%
93Battle Fennec
100%
26Bighorn Sheep
100%
12Blitzkrieg Bat
100%
25Bloodthirsty Bison
100%
51Bludgeoning Bulldog
100%
68Bodacious Bovine
100%
88Brain Mouse
100%
89Brown Lion
100%
4Colonel Bird
100%
28Crusty Crab
100%
43Cutthroat Cuttlefish
100%
21Danger Dog
100%
2Deer Stalker
100%
34Delta Chameleon
100%
112Dino Gator
100%
39Dragoon Raccoon
100%
44Eager Beaver
100%
3Ferocious Tiger
100%
91Fight Horn
100%
107Flying Dragon
100%
84Fly Sailor
100%
73Frenzied Flamingo
100%
13Gargantuan Gorilla
100%
11Grizzly Bear
100%
83Groundwolf
100%
15Gruesome Gator
100%
17Hardtop Tortoise
100%
22Hare Razing Rabbit
100%
70Harrier Hawk
100%
105Hornhead
100%
7Horny Toad
100%
32Humongous Hippo
100%
92Hustlebear
100%
29Icky Iguana
100%
31Jaded Jag
100%
104Jeerer Monkey
100%
35Kickback Kangaroo
100%
5Killer Carp
100%
94Killer Hound
100%
55Killer Koala
100%
59King Cobra
100%
46Knight Owl
100%
54Leapin' Lizard
100%
33Major Moose
100%
60Maniac Mandrill
100%
99Mantfrenzy
100%
42Miner Mole
100%
106Monkey Fighter
100%
10Musky Ox
100%
36Octillion Octopus
100%
76Ossified Orangutan
100%
53Panzer Panda
100%
62Pillager Pig
100%
48Pillaging Polar Bear
100%
1Pirate Lion
100%
61Pixilated Pointer
100%
38Powerhouse Mouse
100%
19Prickly Porcupine
100%
98Puzzlecolor
100%
86Rainbow Sam
100%
64Roamin' Buffalo
100%
18Rubberneck Giraffe
100%
41Run Amuk Duck
100%
50Saber Sword Tiger
100%
111Salomanther
100%
20Sawtooth Shark
100%
97SeaPanic
100%
23Sir Sire Horse
100%
101Skull Grotess
100%
109Skybat
100%
45Slasher Seahorse
100%
8Sledgehammer Elephant
100%
16Sly Fox
100%
78Spark Shark
100%
49Squire Squirrel
100%
96Strong Hurricane
100%
14Swiny Boar
100%
65Tanglin Pangolin
100%
56Tarsier Tyrant
100%
81Tigerburn
100%
58Torrential Tapir
100%
6Triple Threat Snake
100%
24War Weasel
100%
27Webslinger Spider
100%
37Wolfgang Walrus
100%
85Zariganian
100%
30Armored Armadillo
50%
57Black Panther
50%
77Blue Eagle
50%
72Crooked Crow
50%
71Diving Duckbill
50%
95Dragon Seahorn
50%
74Fleet-Footed Antelope
50%
90Grencats
50%
110Grin Reefer
50%
47Hunchback Camel
50%
108Kickback
50%
102Kingbuster
50%
52Pew-trid Skunk
50%
75Pugnacious Penguin
50%
9Rocky Rhino
50%
63Rowdy Rooster
50%
79Sailon
50%
100Scopecougar
50%
87Shool
50%
103Slag King
50%
66Slowpoke Sloth
50%
69Zealot Zebra
50%
82Condorassin
0%

Score Distribution

Percentile by Number Answered

Percent of People with Each Score

Your Score History

You have not taken this quiz